5HLuxD.jpg

KING HENRY VIII SENIOR AND PRIMARY SCHOOL LIBRARY OPAC

Pollyanna. (Record no. 1236)

000 -LEADER
fixed length control field 00758 am a22002897a 4500
001 - CONTROL NUMBER
control field 011930918
003 - CONTROL NUMBER IDENTIFIER
control field Uk
005 - DATE AND TIME OF LATEST TRANSACTION
control field 20230104094745.0
008 - FIXED-LENGTH DATA ELEMENTS--GENERAL INFORMATION
fixed length control field 950310r19941913enka j| 000 1|eng
010 ## - LIBRARY OF CONGRESS CONTROL NUMBER
LC control number 87061917
015 ## - NATIONAL BIBLIOGRAPHY NUMBER
National bibliography number GB9527500
Source bnb
020 ## - INTERNATIONAL STANDARD BOOK NUMBER
International Standard Book Number 9780140366822
039 0# - LEVEL OF BIBLIOGRAPHIC CONTROL AND CODING DETAIL [OBSOLETE]
Level of rules in bibliographic description 2332
040 ## - CATALOGING SOURCE
Original cataloging agency Uk
Transcribing agency Uk
Modifying agency KH8
082 04 - DEWEY DECIMAL CLASSIFICATION NUMBER
Classification number 813.52 POR
Edition number 20
100 1# - MAIN ENTRY--PERSONAL NAME
Personal name Porter, Eleanor H.
Fuller form of name (Eleanor Hodgman),
Dates associated with a name 1868-1920.
Relator term Author
245 10 - TITLE STATEMENT
Title Pollyanna.
260 ## - PUBLICATION, DISTRIBUTION, ETC.
Place of publication, distribution, etc. London :
Name of publisher, distributor, etc. Puffin,
Date of publication, distribution, etc. 2003
300 ## - PHYSICAL DESCRIPTION
Extent 269p.
336 ## - CONTENT TYPE
Content type term text
Source rdacontent
337 ## - MEDIA TYPE
Media type term unmediated
Source rdamedia
338 ## - CARRIER TYPE
Carrier type term volume
Source rdacarrier
490 ## - SERIES STATEMENT
Series statement Puffin Classics
653 1# - INDEX TERM--UNCONTROLLED
Uncontrolled term English fiction
-- Children's stories
700 1# - ADDED ENTRY--PERSONAL NAME
Personal name Reed, Neil.
Relator term Illustrator
942 ## - ADDED ENTRY ELEMENTS (KOHA)
Source of classification or shelving scheme
Koha item type Books - Fiction
Holdings
Withdrawn status Lost status Source of classification or shelving scheme Damaged status Not for loan Collection code Permanent Location Current Location Shelving location Date acquired Full call number Barcode Date last seen Price effective from Koha item type
          Fiction KH8 Primary School Library KH8 Primary School Library Fiction 2022-12-27 813.52 POR KHPL000003009 2025-12-05 2022-12-27 Books - Fiction

Powered By KH8 IT Dept